Bruno Mars Charting Songs (Billboard Dance Airplay) - Statistics

General Stats
  • This quiz has been taken 41 times
  • The average score is 13 of 17
Answer Stats
Album Weeks On Peak Artist(s) Song % Correct
Uptown Special 23 Weeks #1 (3 Weeks) Mark Ronson ft. Bruno Mars Uptown Funk!
100%
24K Magic 19 Weeks #2 Bruno Mars 24K Magic
94%
24K Magic 19 Weeks #2 Bruno Mars & Cardi B Finesse
89%
Non-Album Single 20 Weeks #16 Lady Gaga & Bruno Mars Die with a Smile
83%
Doo-Wops & Hooligans 12 Weeks #9 Bruno Mars Grenade
83%
Rosie 20 Weeks #13 ROSE & Bruno Mars APT.
81%
Doo-Wops & Hooligans 14 Weeks #7 Bruno Mars Just the Way You Are
81%
Unorthodox Jukebox 19 Weeks #8 Bruno Mars Locked Out of Heaven
75%
24K Magic 22 Weeks #3 Bruno Mars That's What I Like
75%
An Evening with Silk Sonic 3 Weeks #32 Silk Sonic (Bruno Mars & Anderson .Paak) Leave the Door Open
72%
Mac & Devin Go to High School 8 Weeks #19 Snoop Dogg & Wiz Khalifa ft. Bruno Mars Young, Wild & Free
69%
Unorthodox Jukebox 12 Weeks #16 Bruno Mars Treasure
67%
Unorthodox Jukebox 6 Weeks #19 Bruno Mars When I Was Your Man
61%
Lazarus 5 Weeks #13 Travie McCoy ft. Bruno Mars Billionaire
58%
Non-Album Single 7 Weeks #24 Cardi B & Bruno Mars Please Me
58%
B.o.B Presents: The Adventures of Bobby Ray 2 Weeks #22 B.o.B ft. Bruno Mars Nothin' On You
56%
The Twilight Saga: Breaking Dawn – Part 1 5 Weeks #19 Bruno Mars It Will Rain
53%
No matching quizzes found
Score Distribution
Percent of People with Each Score
Percentile by Number Answered
Your Score History
You have not taken this quiz